Регионална библиотека "Любен Каравелов" - Русе

Технология на памучното предачество (Запис номер 433294)

MARC детайли
000 -Лидер
Контролно поле с фиксирана дължина nam a22 a 4500
003 - Код на организацията, давaща контролен номер
Контролно поле BLK
005 - Дата и час на последна редакция
Контролно поле 20221208031122.0
008 - Елементи от данни с фиксирана дължина
fixed length control field 200311b bul|||||r ||||||| ||bul||
040 ## - Източник на каталожния запис
Идентификатор на билиотеката - собственик на записа BLK
041 ## - Код за език
Код за езика на текст/звукозапис или на отделно заглавие Български
Код за езика КДБФ Български
080 ## - УДК
Текстов определител УДК Текстилна промишленост. Технология на влакнестите мателиали
УДК код - определител по УДК 677
УДК определител (075.8)
УДК - код + определител 677(075.8)
100 ## - Редна дума - Автор
Автор Чешмеджиев, Марин Димов
Авторска отговорност първи автор
R(LIN) 1299
139 ## - Редно поле
Редна дума Чешмеджиев, Марин Димов и др.
245 ## - Сведения за заглавието
Заглавие Технология на памучното предачество
Подзаглавни данни За I и II курс на техникумите по текстил, спец. Памучно предачество
Редно поле (дума) Марин Димов Чешмеджиев, Йонко Николов Стоянов, Анастас Серафимов
257 ## - Страна на издаване
Страна на създаване/издаване България
260 ## - Област на издателските данни
Място на издаване, разпространение и проч. София
Име на издателя, разпространителя и проч. Техника
Година на издаване 1957
300 ## - Физическа характеристика
Страници 436 с.
Илюстрации и др. с ил.
Размери/Мащаб 22 см
380 ## - Жанр
Жанр Техника
650 #4 - Допълнително описание по предмет – тема
Основно описание – тема или топоним Памучно предачество
9 (RLIN) 165624
653 #7 - Ключова дума – ненормативна
Ключова дума предачество
9 (RLIN) 194384
700 ## - Други автори (авторска отговорност)
Лично име Серафимов, Анастас
Автороска отговорност (Описва отношението между автора и произведението) съавт.
9 (RLIN) 1445
700 ## - Други автори (авторска отговорност)
Лично име Стоянов, Йонко Николов
Автороска отговорност (Описва отношението между автора и произведението) съавт.
9 (RLIN) 1445
852 ## - Местоположение
Форматна сигнатура Цб 4906
Фондова буква Основен фонд - ползва се само за читалня
999 ## - СИСТЕМНИ КОНТРОЛНИ НОМЕРА
Koha biblionumber 433294
Koha biblioitemnumber 433294
942 ## - АРТИКУЛИ
Вид на библиотечния материал Книги
Скрит в OPAC Не
Периодичен библиозапис Да
944 ## - СЪЗДАВАНЕ И РЕДАКЦИЯ на ЗАПИСА
Създаване/Редакция Създаване
Дата на регистрацията/редакция 2021-10-06
Служител, извършил регистрацията/редакцията ВК
Наличности
Код за отписване Код за изгубен артикул Източник на класификационната схема Код за повреда Коз за рестрикции Код за отдаване Артикулен № Име на библиотеката - собственик Име на библиотеката, в която се намира в момента Статус (Текущо местоположение) Дата на вписване в системата Местоположение - отдел Цена в лева Инвентарен номер Систематично азбучна сигнатура Баркод Цена в евро Служебен тип на артикула
  Не е изгубен Universal Decimal Classification Не е повреден само за читалня ползва се в читалня 856782 Регионална библиотека "Любен Каравелов" Русе Регионална библиотека "Любен Каравелов" Русе Хранилище 2021-10-07 Основен фонд - ползва се само за читалня 1.27 2059/57 Цб 4906 900000080022 0.65 Книги
Vip Innovations Ltd, Rousse, Bulgaria 2025